National Seminar On new India @ 75: (Record no. 189224)

MARC details
000 -LEADER
fixed length control field 00712nam a22002057a 4500
005 - DATE AND TIME OF LATEST TRANSACTION
control field 20220622121344.0
010 ## - LCCN (DPL NO)
LC control number ENG-133310
020 ## - INTERNATIONAL STANDARD BOOK NUMBER
International Standard Book Number 9789389146967
Terms of availability 250.00
035 ## - SYSTEM CONTROL NUMBER
System control number EN-116842
037 ## - SOURCE OF ACQUISITION
Source of stock number/acquisition DBAD/PUB
082 ## - DEWEY DECIMAL CLASSIFICATION NUMBER
Classification number 954.1
245 ## - TITLE STATEMENT
Title National Seminar On new India @ 75:
Remainder of title South East Asian Education Trust/
Statement of responsibility, etc Edited by T.N. Muthegowda, S. Raji and M. Hemavati
260 ## - PUBLICATION, DISTRIBUTION, ETC. (IMPRINT)
Place of publication, distribution, etc Madurai
Name of publisher, distributor, etc Shanlax Publications
Date of publication, distribution, etc 2019
270 ## - ADDRESS
City Madurai
Address 61, 66 T.P.K. Main Road, Vasantha Nagar
Electronic mail address publisher@shanlaxpublications.com
Telephone number 7639303383
Postal code 625003
300 ## - PHYSICAL DESCRIPTION
Extent 182p.
Dimensions 24cm(pbk)
700 ## - ADDED ENTRY--PERSONAL NAME
Personal name Muthegowda, T.N.
700 ## - ADDED ENTRY--PERSONAL NAME
Personal name Raji, S.
700 ## - ADDED ENTRY--PERSONAL NAME
Personal name Hemavati, M.
942 ## - ADDED ENTRY ELEMENTS (KOHA)
Source of classification or shelving scheme Dewey Decimal Classification
Item type English Books
Classification part 954.1
Call number suffix NAT
Holdings
Withdrawn status Lost status Not for loan Collection code Home library Current library Date acquired Source of acquisition Cost, normal purchase price Full call number Barcode Copy number Cost, replacement price Koha item type
    Not For Loan Non-fiction D.B.Act.Division Mobile Library 22/06/2022 DBAD/PUB 250.00 954.1 NAT EN-116842 1 250.00 English Books

© Delhi Public Library
Hit Counter
free hit counter